Organizace informací jako součást řízení podniku.
Dekompozícia a kompozícia organizácie riadenia a organizácia informácií v podniku. Nesystémový prístup a systémový prístup a ich hodnotenie. Možná dekompozícia organizácie (všeobecne-informačná pyramída, strategický prehľad funkcií organizácie riadenia a organizácie informácií podniku, podsystém účt...
Na minha lista:
| Autor principal: | |
|---|---|
| Formato: | Capítulo de Livro |
| Idioma: | tcheco |
| Assuntos: | |
| Tags: |
Sem tags, seja o primeiro a adicionar uma tag!
|
MARC
| LEADER | 00000naa a2200000 4500 | ||
|---|---|---|---|
| 001 | r007336 | ||
| 005 | 20221125080433.1 | ||
| 041 | 0 | |a cze | |
| 044 | |a [CS] | ||
| 245 | 1 | 0 | |a Organizace informací jako součást řízení podniku. |c F. Sotona |
| 520 | |a Dekompozícia a kompozícia organizácie riadenia a organizácia informácií v podniku. Nesystémový prístup a systémový prístup a ich hodnotenie. Možná dekompozícia organizácie (všeobecne-informačná pyramída, strategický prehľad funkcií organizácie riadenia a organizácie informácií podniku, podsystém účtovníctvo a evidencia údajov riadenia). Kompozícia (uzavretý mono-, duo-, triosubsystém, zákonitosť času, interakcia v systéme). | ||
| 610 | 2 | 0 | |a riadenie podnikové |
| 610 | 2 | 0 | |a kompozícia |
| 610 | 2 | 0 | |a dekompozícia |
| 610 | 2 | 0 | |a systémy informačné podnikové |
| 610 | 2 | 0 | |a organizácia dát |
| 100 | 1 | |a Sotona, F. | |